[Event "?"]
[Site "?"]
[Date "2013.04.24"]
[Round "?"]
[White "Gvanceladze, Anna"]
[Black "Petrukhina, Irina"]
[Result "1-0"]
[WhiteElo "2183"]
[BlackElo "2222"]
[PlyCount "193"]
[EventDate "2013.??.??"]

1. d4 Nf6 2. c4 g6 3. g3 Bg7 4. Bg2 d5 5. cxd5 Nxd5 6. e4 Nb6 7. Ne2 O-O 8. O-O
Nc6 9. d5 Na5 10. Nbc3 Bd7 11. b3 c6 12. Ba3 cxd5 13. exd5 Nc8 14. Rc1 Nd6 15.
h3 Rc8 16. Qd3 Qb6 17. Rfe1 Rfe8 18. g4 Bh6 19. Rcd1 Bg7 20. Bc1 Qc7 21. Bd2 b5
22. Rc1 Nab7 23. Bf4 Qa5 24. Qd2 b4 25. Ne4 Nxe4 26. Bxe4 Nd6 27. Bg2 Nb5 28.
Rxc8 Rxc8 29. a4 Nc3 30. Nc1 Re8 31. Qd3 Qc5 32. Be3 Qc7 33. Qa6 Qd6 34. Qxa7
Nxd5 35. Bc5 Qc6 36. Bxb4 Be6 37. Qc5 Qa8 38. Rd1 Rd8 39. Ba3 Be5 40. Bxd5 Bxd5
41. Qxe7 Re8 42. Qd7 Bh1 43. Qxe8+ Qxe8 44. Kxh1 Qc6+ 45. Kg1 Qe4 46. g5 Bc7
47. Rd3 Bb6 48. Kf1 Qf4 49. f3 Qxg5 50. b4 Be3 51. Ne2 f5 52. a5 f4 53. Nc3
Qg1+ 54. Ke2 Qa1 55. Nd1 Qa2+ 56. Bb2 Qc4 57. Nxe3 fxe3 58. Bc3 g5 59. Kxe3
Qf4+ 60. Ke2 Qh2+ 61. Ke3 Qxh3 62. Kd4 Qd7+ 63. Kc4 Qc6+ 64. Kd4 h5 65. Ke3 h4
66. Kf2 Qc4 67. Re3 Kf7 68. Bd2 h3 69. Re4 Qc2 70. Rd4 Qd1 71. Be3 Qh1 72. Rg4
Qd1 73. Rg1 Qc2+ 74. Kg3 Qf5 75. Bc5 Qh7 76. Kh2 Qf5 77. Rg3 Qc2+ 78. Kxh3 Qh7+
79. Kg2 Qc2+ 80. Bf2 Kf6 81. Rg4 Qe2 82. Re4 Qb5 83. Bd4+ Kg6 84. Be3 Qe2+ 85.
Kg3 Qb5 86. Kf2 Kf5 87. Rg4 Qd3 88. Rxg5+ Ke6 89. Rg4 Qc2+ 90. Kg3 Qc7+ 91. Kg2
Qb7 92. a6 Qa8 93. a7 Kd7 94. b5 Kc7 95. b6+ Kc6 96. Rg6+ Kb5 97. b7 1-0

[Event "?"]
[Site "?"]
[Date "2013.04.24"]
[Round "?"]
[White "Pustovoitova, Daria"]
[Black "Petrova, Olga"]
[Result "1-0"]
[WhiteElo "2269"]
[BlackElo "2238"]
[PlyCount "85"]
[EventDate "2013.??.??"]

1. d4 Nf6 2. c4 g6 3. g3 Bg7 4. Bg2 d6 5. Nc3 O-O 6. Nf3 c5 7. O-O Nc6 8. d5
Na5 9. Nd2 a6 10. Qc2 Rb8 11. b3 b5 12. Rb1 Bd7 13. Bb2 Qc7 14. h3 bxc4 15.
bxc4 Rb7 16. Ba1 Rfb8 17. e4 Nh5 18. Kh2 Bd4 19. f4 Rxb1 20. Rxb1 Rb4 21. Bf1
Qb8 22. Bd3 Qc8 23. Bf1 Qb8 24. Bd3 Qf8 25. Nf3 Be3 26. Nd1 Ba4 27. Qc3 Bd4 28.
Nxd4 Rxb1 29. Bxb1 cxd4 30. Qxa5 Bxd1 31. Bxd4 Qc8 32. Bd3 f6 33. c5 dxc5 34.
Qxc5 Qb7 35. Qb6 Qc8 36. Bc5 Bf3 37. Bxe7 g5 38. fxg5 Kf7 39. gxf6 h6 40. Qe6+
Qxe6 41. dxe6+ Kxe6 42. Bc4+ Kd7 43. e5 1-0